00925nam a2200169Ia 4500008004100000020001800041050001600059100003300075245012000108260003900228300002400267500008100291650018600372700007500558952010500633999001700738120720s9999 xx 000 0 und d a968-424-035-0 aPQ 6013 .V3 aValdés Becerril, Francisco aLengua y literatura españolas Francisco Valdés Becerril, Leticia Herrera Cerecer, Fermín Estrella Gutiérrez aMéxico : Kapelusz Mexicana, 1995 axvi, 463 p. : 22 cm aTexto para el primer curso de enseñaza media ciclo superior (Bachillerato) a1. Español -- Gramática 2. Literatura española -- Estudio y enseñanza 3. Literatura espanola -- Estudio y ensenanza 4. Literatura hispanoamericana -- Estudio y ensenanza aI. Herrera Cerecer, Leticia II. Estrella Gutiérrez, FermínÌÌ 00104070a03b03d2001-05-15l1oPQ 6013 .V3p03 002921r2016-10-25s2016-10-25t1w2012-07-20yLB c79879d79879